| 000 | 01204 a2200241 4500 | ||
|---|---|---|---|
| 001 | 41227 | ||
| 005 | 20260407155706.0 | ||
| 008 | 260407a2004 arg spa d | ||
| 003 | AR-UNSa-BCEJYS | ||
| 040 |
_aAR-UNSa-BCEJYS _bspa _cAR-UNSa-BCEJYS |
||
| 080 |
_a347.191.12 _xFundaciones. Instituciones. Universitates bonorum |
||
| 245 | 1 | 0 | _aFundaciones |
| 020 | _a950-894-432-3 | ||
| 250 | _a2a. ed. | ||
| 264 | 1 |
_aBuenos Aires : _bAD-HOC _c2004 |
|
| 300 |
_a352 p. _c23 cm. |
||
| 505 | _a1. Ubicación jurídica de la figura "fundación" - 2. Elementos esenciales externos para la existencia de una fundación (Iª Parte) - 3. Elementos esenciales externos para la existencia de una fundación (2ª Parte) - 4. Elementos específicos de funcionamiento interno - 5. Constitución de fundaciones - 6. Tratamiento impositivo - 7. Funcionamiento de las fundaciones. Representaciones. Filiales. Cambios de jurisdicción - 8. Modificación de estatutos. disolución - Anexos | ||
| 041 | _aspa | ||
| 942 | _cBK | ||
| 590 | _aniveau_biblio:m niveau_hierar:0 | ||
| 100 | 1 | _aGiuntoli, María Cristina | |
| 856 | 4 | 1 |
_uhttps://biblioeco.unsa.edu.ar/pmb/images/libros/L126462.jpg _yImagen de portada _qimage/jpeg |
| 999 |
_c3440 _d3440 |
||